An iterative approach to the fitting of trend surfaces.

Bibliographic Details
Main Author: Cole, A. J.
Format: Book
Language:English
Published: Lawrence : State Geological Survey, University of Kansas, 1969.
Series:Computer contribution (Kansas Geological Survey) ; 37.
Subjects:

MARC

Tag First Indicator Second Indicator Subfields
LEADER 00000cam a2200000 4500
001 in00000311513
005 20151010144756.0
008 750428s1969 ksua b 00000 eng d
035 |a (OCoLC)01300766 
035 |9 ABH6852AM 
040 |c OUN  |d TXA  |d UtOrBLW 
049 |a TXAM  |c [1000185] 
090 |a QE48.8  |b .K3 no. 37 
100 1 |a Cole, A. J. 
245 1 3 |a An iterative approach to the fitting of trend surfaces. 
264 1 |a Lawrence :  |b State Geological Survey, University of Kansas,  |c 1969. 
300 |a 27 pages :  |b illustrations 
336 |a text  |b txt  |2 rdacontent 
337 |a unmediated  |b n  |2 rdamedia 
338 |a volume  |b nc  |2 rdacarrier 
490 1 |a Kansas. State Geological Survey. Computer contribution ;  |v 37 
500 |a Cover title. 
504 |a Bibliography: pages 25-26. 
650 0 |a Geology  |x Data processing. 
830 0 |a Computer contribution (Kansas Geological Survey) ;  |v 37. 
999 |a MARS 
999 f f |s f2297727-a51c-396b-9201-bfba102135fd  |i f21793e5-7658-3b2b-8185-ba387cd75284  |t 0 
952 f f |p ric  |a Texas A&M University  |b Rellis Campus  |c Joint Library Facility  |d Remote Storage  |t 0  |e QE48.8 .K3 no. 37  |h Library of Congress classification  |i unmediated -- volume  |m A14804746663 
998 f f |a QE48.8 .K3 no. 37  |t 0  |l Remote Storage